History Quiz

Random History or Sporcle Quiz

Sporcle Museum Quiz Stats

Quiz Updated Nov 20, 2013

Also try: World Museums
Challenge
Share
Tweet
Score 0/25 Timer 06:00
0 Plays Today
People/Culture/Civilisation % Correct
Fresco, Ancient Egypt 3100-30BCE
91.6%
Discus thrower, Ancient Greece 1100-50BCE
85.5%
Caesar Augustus coin, Roman Empire 27BCE-476
82.1%
Viking ship, Vikings 793-1066
69.4%
Terracotta Army, Qin Dynasty 221-206BCE
67%
Hanging scroll, pre-industrial Japan
66.6%
Moai statue on Easter Island, Rapanui
65.9%
Celtic Cross, Ancient Celts 400BCE-476
55.4%
Horse Archer, Mongol Empire 1206-1368
51.9%
Tlingit tribe totem pole at Ketchikan, Alaska
45.4%
Stucco glyphs, Maya civilization 300-900
37.5%
Zulu shield and spear
31.7%
Llama figurine, Inca civilization 1200-1572
23%
People/Culture/Civilisation % Correct
Turquoise mask, Aztec Empire 1325-1521
21.8%
Darius I relief, Achaemenid Empire 550-330BCE
19.5%
Leaping bull fresco, Minoan civilization 2700-1450BCE
19.5%
Devata engraving, Khmer Empire 770-1431
18.3%
Colossal head, Olmec Civilization 1500-400BCE
17.5%
Sumerian tablet, Sumerian Civilization 3500-2340BCE
14.1%
Code of Hammurabi, Babylonian Empire 1900-1100BCE
11.5%
Harrapan buffalo engraving, Indus Valley Civilization 2500-1500 BCE
11.2%
Dermach Hunting Mosaic, Carthage 800-146BCE
8.9%
Astrolabe, Islamic Golden Age, 570-1250
8.2%
Rock painting, Australian Aborigines
7.8%
Terracotta Archer, Mali Empire 1230-1600
4.7%

You're not logged in!

Compare scores with friends on all Sporcle quizzes.
Join for Free
OR
Log In

You Might Also Like...

Show Comments

Extras

Top Quizzes Today


Score Distribution

Your Account Isn't Verified!

In order to create a playlist on Sporcle, you need to verify the email address you used during registration. Go to your Sporcle Settings to finish the process.

Report this User

Report this user for behavior that violates our Community Guidelines.

Details: